书目信息 |
| 题名: |
文艺学·美学与现代科学
|
|
| 作者: | 刘再复 , 钱学森 著 ;《当代文学思潮》杂志社 编 | |
| 分册: | ||
| 出版信息: | 北京 中国社会科学出版社 1985.4 |
|
| 页数: | 532页 | |
| 开本: | 19cm | |
| 丛书名: | ||
| 单 册: | ||
| 中图分类: | I0-53 | |
| 科图分类: | ||
| 主题词: | 文学理论 | |
| 电子资源: | ||
| ISBN: | 7-5004-0131-0 | |
| 000 | 00716nam0 2200217 45 | |
| 001 | 0209170977 | |
| 005 | 20060329092850.26 | |
| 010 | @a7-5004-0131-0@dCNY3.10 | |
| 100 | @a20020917d1985 km y0chiy0120 ea | |
| 101 | 0 | @achi |
| 105 | @ay z 000zy | |
| 200 | 1 | @a文艺学·美学与现代科学@AWen Yi Xue·Mei Xue Yu Xian Dai Ke Xue@f钱学森,刘再复等著@FQian Xue Sen,Liu Zai Fu Deng Zhu@g《当代文学思潮》杂志社编 |
| 210 | @a北京@c中国社会科学出版社@d1985.4 | |
| 215 | @a532页@d19cm | |
| 606 | 0 | @a文学理论 |
| 690 | @aI0-53@v3 | |
| 701 | 0 | @a刘再复@4著 |
| 701 | 0 | @a钱学森@4著 |
| 712 | 0 | @a《当代文学思潮》杂志社@A《Dang Dai Wen Xue Si Chao》Za Zhi She@4编 |
| 801 | @aCN@bTSTC@c20060329 | |
| 905 | @dI0-53@e131@f1@b217919 | |
| 文艺学·美学与现代科学/钱学森,刘再复等著/《当代文学思潮》杂志社编.-北京:中国社会科学出版社,1985.4 |
| 532页;19cm |
| ISBN 7-5004-0131-0:CNY3.10 |
| ● |
| 相关链接 |
|
|
|
|
正题名:文艺学·美学与现代科学
索取号:I0-53/131
 
预约/预借
| 序号 | 登录号 | 条形码 | 馆藏地/架位号 | 状态 | 备注 |
| 1 | 0217918 | 001621695 | 密集书库/ [索取号:I0-53/131] | 在馆 | |
| 2 | 0217919 | 000901082 | 第一样本阅览室/ [索取号:I0-53/131] | 在馆 | |
| 3 | 0217920 | 000777467 | 密集书库/ [索取号:I0-53/131] | 在馆 |